• 首页
  • 本馆介绍
  • 公告通知
  • 最新文献
  • 馆藏检索
  • 电子资源
  • 读者导购
  • 参考咨询
  • 我的图书馆
  • 登录
  • 详细信息显示
  • 放入我的书架
  • 预约/预借图书
  • 作者相关作品
  • 分类相关作品
  • 丛书相关作品
  • 出版社相关作品

书目信息

  • 表格格式
  • 工作单格式
  • 卡片格式
题名:
美育文萃
    
 
作者: 王南 编
分册:  
出版信息: 广州   花城出版社  1986
页数: 364页
开本: 19cm
丛书名:
单 册:
中图分类: G40-014 , G40
科图分类:
主题词: 美育--文集
电子资源:
ISBN:
000 00678nam0 2200265 45
001 0186019565
005 20040428165819.9
010    @dCNY2.05
091    @a10261.639
100    @a19900724d1986 emky0chiy0121 ea
101 0  @achi
102    @aCN@b440000
105    @af zc 001yy
106    @ar
200 10 @a美育文萃@Amei yu wen cui@f王南编
210    @a广州@c花城出版社@d1986
215    @a364页@c照片@d19cm
300    @a附: 1978~1984年全国美育研究论文要目索引
606    @a美育@x文集
690    @aG40-014@v3
690    @aG40
701  0 @a王南@Awang nan@4编
801  0 @aCN@b深圳图书馆@c20040428
801  2 @aCN@bNLC@c20040428
905    @f2@b155165-166@dG40@e82
    
    美育文萃/王南编.-广州:花城出版社,1986
    364页:照片;19cm
    附: 1978~1984年全国美育研究论文要目索引
    
    ISBN :CNY2.05
    
●
相关链接 在E读中查询图书 在五车中查询图书 在当当中查询图书 在豆瓣中查询图书


正题名:美育文萃     索取号:G40/82         预约/预借

序号 登录号 条形码 馆藏地/架位号 状态 备注
1 0155165   000284677   第四借阅区/ [索取号:G40/82] 在馆    
2 0155166   000284686   密集书库/ [索取号:G40/82] 在馆    
3 0155167   002058196   第一样本阅览室/ [索取号:G40/82] 在馆    
唐山师范学院图书馆 欢迎您!
大连网信软件有限公司© 版权所有